Online
Catalog

Juan Pablo Duarte y la Venezuela de su Epoca : (Record no. 44723)

MARC details
000 -CABECERA
campo de control de longitud fija 01930nam a2200289 a 4500
001 - NÚMERO DE CONTROL
campo de control 000045234
003 - IDENTIFICADOR DEL NÚMERO DE CONTROL
campo de control DO-SdBNP
005 - FECHA Y HORA DE LA ÚLTIMA TRANSACCIÓN
campo de control 20240314073720.0
007 - CAMPO FIJO DE DESCRIPCIÓN FÍSICA--INFORMACIÓN GENERAL
campo de control de longitud fija ta
008 - DATOS DE LONGITUD FIJA--INFORMACIÓN GENERAL
campo de control de longitud fija 150212e1987 dr ahocgr 001 edspa d
040 ## - FUENTE DE LA CATALOGACIÓN
Centro catalogador/agencia de origen DO-SdBNP
Lengua de catalogación spa
Centro/agencia transcriptor BNPHU
082 #4 - NÚMERO DE LA CLASIFICACIÓN DECIMAL DEWEY
Número de documento/Ítem M375D
Número de edición 22
100 1# - ENTRADA PRINCIPAL--NOMBRE DE PERSONA
Nombre de persona Marte, Roberto
9 (RLIN) 12699
245 10 - MENCIÓN DE TÍTULO
Título Juan Pablo Duarte y la Venezuela de su Epoca :
Resto del título (contribución al estudio de su vida en los Llanos de Apure) /
Mención de responsabilidad, etc. Roberto Marte, Luis Cordero Velásquez; introducción, Luis Julián Pérez.
260 ## - PUBLICACIÓN, DISTRIBUCIÓN, ETC.
Lugar de publicación, distribución, etc. Santo Domingo :
Nombre del editor, distribuidor, etc. Banco Central de la República Dominicana,
Fecha de publicación, distribución, etc. 1987
300 ## - DESCRIPCIÓN FÍSICA
Extensión 153 p. :
Otras características físicas il., ret. fasc., fotogr. ;
Dimensiones 23 cm.
500 ## - NOTA GENERAL
Nota general Incluye datos biográfico de los autores en la contracubierta.
500 ## - NOTA GENERAL
Nota general Incluye bibliografía y notas al pie de páginas
505 ## - NOTA DE CONTENIDO CON FORMATO
Nota de contenido con formato Introducción
Título Palabras liminares.--
-- El exilio de Duarte.--
-- Una investigación demandada.--
-- Duarte se interna en al Amazonas.--
-- El libertador Dominicano e el país llanero.--
-- La misión investigadora en pos de las huellas duartianas en Venezuela.--
-- ¿Por qué Achaguas?.--
-- La agitación social y los cambios políticos en Venezuela.--
-- Duarte y el descontento social venezolano.--
-- Duarte y la situación de Achaguas y del Apure de su época.--
-- El inigmático transcurrir de Duarte en los Llanos venezolanos.--
-- La insurgencia social en Venezuela a mediados del Siglo XIX.--
-- La joven Achaguas.--
-- Marcelino Muñoz en apure. Su deseo.--
-- Estalla la guerra federal.--
-- Duarte pierde sus documentos.--
-- Apéndice.--
-- Manifiestos probatorios de la investigación Duartiana en los archivos de Apure.--
590 ## - NOTA LOCAL (RLIN)
Nota local Inventariado 2023 / MF
600 10 - PUNTO DE ACCESO ADICIONAL DE MATERIA--NOMBRE DE PERSONA
Nombre de persona Duarte, Juan Pablo,
Fechas asociadas al nombre 1813-1876
Subdivisión de forma Biografía
9 (RLIN) 1494
650 ## - PUNTO DE ACCESO ADICIONAL DE MATERIA--TÉRMINO DE MATERIA
Término de materia o nombre geográfico como elemento de entrada Duarte
Subdivisión de forma Biografía
Subdivisión geográfica República Dominicana
9 (RLIN) 83083
700 1# - PUNTO DE ACCESO ADICIONAL--NOMBRE DE PERSONA
Nombre de persona Cordero Velásquez, Luis
9 (RLIN) 73253
700 #2 - PUNTO DE ACCESO ADICIONAL--NOMBRE DE PERSONA
Nombre de persona Pérez, Luis Julián,
Término indicativo de función/relación intr.
9 (RLIN) 14856
910 ## - DATOS DE OPCIÓN DEL USUARIO (OCLC)
Datos de opción del usuario MFeliz
942 ## - ELEMENTOS DE PUNTO DE ACCESO ADICIONAL (KOHA)
Fuente del sistema de clasificación o colocación Dewey Decimal Classification
Tipo de ítem Koha Libro
Holdings
Estado de retiro Estado de pérdida Fuente del sistema de clasificación o colocación Restricciones de uso No para préstamo Código de colección Localización permanente Ubicación/localización actual Ubicación en estantería Fecha de adquisición Fuente de adquisición Signatura topográfica completa Código de barras Fecha visto por última vez Precio válido a partir de Tipo de ítem Koha Número de copia Nota pública
    Dewey Decimal Classification Excluido de préstamo   Patrimonio Dominicano Biblioteca Nacional Pedro Henríquez Ureña Biblioteca Nacional Pedro Henríquez Ureña En catalogación 12.02.2015 Perteneció a la biblioteca personal del Dr. Guaroa Ginebra H. M375D 45234-10 25.06.2020 25.06.2020 Libro    
    Dewey Decimal Classification Excluido de préstamo   Patrimonio Dominicano Biblioteca Nacional Pedro Henríquez Ureña Biblioteca Nacional Pedro Henríquez Ureña En catalogación 03.07.2019 Perteneció a la biblioteca personal de la Familia Reyes Duluc. M375D 45234-20 25.06.2020 25.06.2020 Libro e.2  
    Dewey Decimal Classification Préstamo en sala   Dominicana de Servicio Biblioteca Nacional Pedro Henríquez Ureña Biblioteca Nacional Pedro Henríquez Ureña En catalogación 09.02.2022 Donado por Víctor Hugo M375D 2023-0725 07.02.2023 07.02.2023 Libro e.3 Ejemplar autografiado por el autor

Powered by Koha